LEADER 01089nam a2200253 i 4500 001 000000139797 003 CaOOAMICUS 005 20050531000000.0 008 050531s1966 it u000 u ita u 013 $a113930 040 $aSeMil$bita 100 1 $aGonzales-Palacios, Alvar.$0(OLS)http://semarc/name/8859 245 13$aIl Luigi 16. /$ctesto di Alvar Gonzalez-Palacios. 260 $aMilano :$bFratelli Fabbri Editori,$ccopyr. 1966. 300 $a157 p. :$briccamente ill. ;$c19 cm. 490 0 $aElite : le arti e gli stili in ogni tempo e paese ;$v10 500 $aContiene : Bibliografia. 650 4$aStili - Francia - Sec. 18.$0(OLS)http://semarc/subject/27464 830 0$aElite : le arti e gli stili in ogni tempo e paese ;$v10.$0(OLS)http://semarc/title/18137 850 $aSeMil 852 $aSeMil$W1$xVenegono$y1$m5O I 10$j93187$B93187$CSeMilBibl$Z2$F98566 $81 961 $aOmaggio: Pelizzi Carla ved. Ferrari 996 $6245$aIl Luigi 16.$9(OLS)http://semarc/title/204197 996 $6260$aMilano :$bFratelli Fabbri Editori$9(OLS)http://semarc/publisher/29845 LEADER 01071nam a2200265 4500 001 000000343763 003 CaOOAMICUS 005 20210118091844.0 008 210114s2013 it 000 u ita r 020 $a978-88-6466-197-1 040 $aSeMil$bita 100 1 $aComini, Claudio,$d<1963- >.$0(OLS)http://semarc/name/112624 245 00$aNella luce di Dio /$cClaudio Comini ; prefazione di Lara Pasquini. 264 3$aArezzo :$bHelicon,$c2013. 300 $a27 p. ;$c20 cm 541 0 $aOmaggio mons. Mario Delpini (5G-I-96) 700 1 $aPasquini, Lara.$0(OLS)http://semarc/name/112786 850 $aSeMil 852 $aSeMil$W1$xVenegono$y1$m5G I 96$j223485$B234783$CSeMilBibl$Z2$F234783 $81 941 1 $a7 961 $aOmaggio mons. Mario Delpini. -- Con dedica autografa dell?autore a mons. Mario Delpini 996 $6020$a978-88-6466-197-1$9(OLS)http://semarc/number/292070 996 $6245$aNella luce di Dio$9(OLS)http://semarc/title/432796 996 $6264$aArezzo :$bHelicon$9(OLS)http://semarc/publisher/59477